|
|
|
|
| LEADER |
01308nam a2200289 a 4500 |
| 001 |
GR-Patra3227 |
| 008 |
991022s1988 gr 000 0 gre d |
| 040 |
|
|
|a GrPaTEI
|b gre
|c GR-PaULI
|
| 245 |
0 |
0 |
|a Καρκίνος λάρυγγα :
|b ολοκληρωμένη και εξατομικευμένη νοσηλευτική παρέμβαση σε ασθενή με ολική λαρυγγεκτομή.
|
| 260 |
|
|
|a Πάτρα :
|b ΤΕΙ Πάτρας,
|c 1988
|
| 300 |
|
|
|a 97σ.
|
| 500 |
|
|
|a Πτυχιακή εργασία.
|
| 650 |
|
4 |
|a ΚΑΡΚΙΝΟΣ
|
| 650 |
|
4 |
|a ΛΑΡΥΓΓΑΣ
|
| 650 |
|
4 |
|a ΝΟΣΗΛΕΥΤΙΚΗ ΠΑΡΕΜΒΑΣΗ
|
| 650 |
|
4 |
|a ΟΛΙΚΗ ΛΑΡΥΓΓΕΚΤΟΜΗ
|
| 650 |
|
4 |
|a Πτυχιακή εργασία
|
| 650 |
1 |
0 |
|a 1988
|
| 700 |
1 |
|
|a Ντάκουλα, Λαμπρινή
|
| 700 |
1 |
|
|a Παπαδημητρίου, Μαρία Γ.
|e επιβλέπουσα καθηγήτρια
|
| 700 |
1 |
|
|a Πολυζωγοπούλου, Θεοδώρα
|
| 710 |
0 |
|
|a Σ.Ε.Υ.Π..
|b Τμήμα Νοσηλευτικής
|
| 710 |
0 |
|
|a ΤΕΙ Πάτρας
|
| 942 |
|
|
|2 ddc
|
| 952 |
|
|
|0 0
|1 0
|2 ddc
|4 0
|7 0
|9 284766
|a LISK
|b LISK
|c BSC
|d 2021-01-17
|e 24
|f 0
|g 0.00
|l 0
|p 924100404
|r 2021-01-17 00:00:00
|t 1
|w 2021-01-17
|y BK15
|x 19991024 0 1
|x GrPaTEI
|
| 971 |
|
|
|a .b26507304
|b 16-04-20
|c 23-09-16
|
| 999 |
|
|
|c 165782
|d 165782
|